00419nam a2200169Ia 4500008004100000020001500041050000800056050001600064100002700080245002300107245002700130260001800157260003000175300001600205300001100221650001700232170203s9999 xx 000 0 und d a9714206545 a5.1 b.T551p 2006 aTiamson, Juan Alvin B. aProgramming in C++ cJuan Alvin B. Tiamson. aPhilippines : bTrinitas Publishing, Inc. a285 pages : c25 cm. aProgramming.